Normal view
MARC view
- বাংলা সাহিত্য
Entry Topical Term
001 - CONTROL NUMBER
- control field: 1700
003 - CONTROL NUMBER IDENTIFIER
- control field: OSt
005 - DATE AND TIME OF LATEST TRANSACTION
- control field: 20180101113959.0
008 - FIXED-LENGTH DATA ELEMENTS
- fixed length control field: 180101|| aca||babn | a|a d
040 ## - CATALOGING SOURCE
- Original cataloging agency: OSt
150 ## - HEADING--TOPICAL TERM
- Topical term or geographic name entry element: বাংলা সাহিত্য
